000 00532nam a22001817a 4500
999 _c172379
_d172379
005 20200204114740.0
010 _aA-482261
020 _c60.00
035 _aA-482261
037 _bBPPD/Pub.
082 _a842.08
100 _aمحمد اسلم قریشی
245 _aالمیہ :
_bایک جایزہ /
_cمحمد اسلم قریشی
246 _aAlmiyah : Ek Jayza(Urdu) /
_bby Mohammed Aslam Qureshi
260 _aLahore
_b-
_c1987 ء
300 _a256p.
_c20cm(Hb)
942 _2ddc
_cUR
_h842.08
_mق ر ے